000 01320cam a2200301 a 4500
001 000012447
005 20200929163026.0
008 900815s1990 sp a b s000 0bspa
020 _a8477531226
035 _a(DLC) 90185436
040 _aDO-SdBNP
_cDLC
_dDLC
_dBNPHU
082 _a370.94682
_bG261e
100 1 _aGato Castaño, Purificación.
_929165
245 1 3 _aLa educación en el Virreinato del Río de la Plata :
_bacción de José Antonio de San Alberto en la audiencia de Charcas, 1768-1810 /
_cPurificación Gato Castaño.
260 _a[Zaragoza] :
_bDiputación General de Aragón. Departamento de Cultura y Educación,
_c1990.
300 _a374 p. :
_bil. ;
_c27 cm.
490 1 _aEstudios y monografías
_v11
504 _aIncluye fuentes documentales manuscritas y bibliografía.
504 _aBibliografía: (p. [351]-370).
590 _aLa biblioteca posee 1 ejemplar autografiado por el autor.
600 1 4 _aSAN ALBERTO, JOSÉ ANTONIO,
_cARZOBISPO DE LA PLATA (ARGENTINA),
_d1727-1804
_xESCRITOS
_929166
650 4 _aEducación
_zEspaña
_y1768-1810.
_929167
650 4 _aEducación
_zArgentina
_y1768-1810.
_929168
650 4 _aCartas pastorales
_zLa Plata (Argentina{Rpara}
_929169
830 0 _aEstudios y monografías ;
_v11
_929170
910 _aCatalogación por copia / LC
049 _aBNGR
999 _c12104
_d12104